000 00588ntaaa2200205 4500
003 01
005 20251027202251.0
008 0714s1973 ag 01
040 _aAR-BaBN
_bspa
_cAR-BaBN
_eaacr
_dRIC
082 _a270.0000 C26
100 _aCase, Shirley Jackson
245 _aLos forjadores del cristianismo
250 _a1 ed.
260 _aBuenos Aires :
_bAurora,
_cc1950
300 _a227 p
500 _aIglesia-historia: esboza las ocho primeras centurias de la historia del cristianismo
650 _aiglesia-historia
_9776
650 _ahistoria eclesiƔstica
942 _cBK
999 _c17440
_d17440